| 000 | 00833nam a22002177a 4500 | ||
|---|---|---|---|
| 999 |
_c19076 _d19076 |
||
| 003 | AR-CdUCM | ||
| 008 | 190516b ||||| |||| 00| 0 spa d | ||
| 040 |
_aMUNICIPALIDAD PROVINCIAL DEL CUSCO _cBIBLIOTECA MUNICIPAL DEL CUSCO |
||
| 082 |
_a461.5 / _bQ6 |
||
| 100 |
_aQuilis, Antonio _940172 |
||
| 245 |
_aCurso de fonética y fonología Españolas : _bPara estudiantes Angloamericanos / |
||
| 260 |
_aMadrid : _bOviedo, _c1971. |
||
| 300 |
_a223 páginas ; _c24 cm. |
||
| 440 |
_aCollectanea phonetica _n2 _940173 |
||
| 505 | _aContenido : Alfabeto fonético internacional -- Producción del sonido articulado -- Clasificación de los sonidos del lenguaje... | ||
| 650 |
_aAlfabeto fonético _940174 |
||
| 650 |
_aCavidades infraglóticas _940175 |
||
| 650 |
_aElementos acústicos _940176 |
||
| 942 |
_2ddc _cLIBROS |
||
| 945 | _arcc | ||